El negocio jurídico en derecho romano

Gorde:
Xehetasun bibliografikoak
Egile nagusia: Alvarez Suárez, Ursicino (Egilea)
Formatua: Liburua
Hizkuntza:gaztelania
Argitaratua: Madrid Revista de Derecho Privado 1954
Gaiak:
Etiketak: Etiketa erantsi
Etiketarik gabe, Izan zaitez lehena erregistro honi etiketa jartzen!

MARC

LEADER 00000nam a2200000 a 4500
001 UCR1030
003 CL-VaPUC
008 971205e19540000SP |||||||||||||||||spa|d
082 0 4 |a 340.54  |b ALV  |2 21 
100 0 |a Alvarez Suárez, Ursicino  |e author  |9 397788 
245 1 3 |a El negocio jurídico en derecho romano 
300 |a 125 p 
942 |c BK 
945 |d 19971205 00:00:00  |a aolguin 
260 |a Madrid  |b Revista de Derecho Privado  |c 1954 
650 0 |a Derecho romano  |9 255930 
650 0 |a Negocio jurídico  |9 258242 
650 0 |a Actos jurídicos  |9 255748 
583 |a last modification  |c 20170406 12:42:45  |k Rodrigo Vera 
999 |c 264525  |d 264523 
952 |0 0  |1 0  |4 0  |6 340_540000000000000_ALV_1954  |7 0  |8 DER_ROM  |9 294809  |a BIBDER  |b BIBDER  |d 2019-11-19  |i 190924K  |l 1  |o 340.54 ALV 1954  |p 190924K  |r 2023-01-25  |s 2020-03-16  |w 2019-11-19  |x Ubicación 4to piso  |y BK  |z Este recurso debe solicitarse con anticipación  |k DER